| 000 -LEADER |
| fixed length control field |
01781nam a2200181 4500 |
| 008 - FIXED-LENGTH DATA ELEMENTS--GENERAL INFORMATION |
| fixed length control field |
190621b ||||| |||| 00| 0 eng d |
| 100 ## - MAIN ENTRY--PERSONAL NAME |
| Personal name |
Munjal, Sonia |
| 245 ## - TITLE STATEMENT |
| Title |
Associative impact of personality orientation and levels of stress on procrastination in middle-level managers |
| 260 ## - PUBLICATION, DISTRIBUTION, ETC. (IMPRINT) |
| Date of publication, distribution, etc |
2019 |
| 300 ## - PHYSICAL DESCRIPTION |
| Extent |
p.53-70. |
| 520 ## - SUMMARY, ETC. |
| Summary, etc |
To procrastinate is to ‘voluntarily delay an intended course of action despite expecting to be worse off for the delay’ (Steel, 2007, Psychological Bulletin 133(1), 65). This behaviour, despite its cost, is common in workplaces and other life domains. By understanding why it occurs and how to prevent it, managers can help optimise the performance and productivity of employees. Hence, this research article is an effort to add a little to the sparse knowledge base in this field. It is also an effort to throw light on the relationship of Levenson’s multidimensions of the locus of control (LOC) and stress on the procrastination of employees, which have not been explored earlier. Two categories of variable are tested as the predictors of procrastination: various dimensions of LOC and occupational stress. Research results confirm that occupational stress along with LOC dimension affects the procrastinating behaviour of the employees. One of the major findings to emerge from the current research is that managers with powerful others as their LOC dimensions were least procrastinating. This contradicts the previous research results that external factors procrastinate more than internal ones. - Reproduced. |
| 650 ## - SUBJECT ADDED ENTRY--TOPICAL TERM |
| Topical term or geographic name as entry element |
Occupational stress |
| 9 (RLIN) |
6462 |
| 650 ## - SUBJECT ADDED ENTRY--TOPICAL TERM |
| Topical term or geographic name as entry element |
Middle manager |
| 9 (RLIN) |
6561 |
| 700 ## - ADDED ENTRY--PERSONAL NAME |
| Personal name |
Mishra, Richa |
| 9 (RLIN) |
6463 |
| 773 ## - HOST ITEM ENTRY |
| Main entry heading |
Indian Journal of Public Administration |
| 906 ## - LOCAL DATA ELEMENT F, LDF (RLIN) |
| Subject DIP |
Organisation |
| 942 ## - ADDED ENTRY ELEMENTS (KOHA) |
| Source of classification or shelving scheme |
|
| Item type |
Articles |